000 00490nam a2200193Ia 4500
005 20240823044939.0
008 240823s9999||||xx |||||||||||||| ||und||
020 _a978-0-19-569796-4
041 _aENGLISH
082 _A658.870285 P9
100 _aGirdhar Joshi
245 0 _aInformation Technology for Retail
250 _a1st
260 _c2009
_bOxford University
500 _aYES
650 _aInformation Technology
_bInformation Technology
942 _cBK
999 _c213808
_d213808